Вып. 13; Композиционные полимерные материалы

Podrobná bibliografie
Parent link:Композиционные полимерные материалы: республиканский межведомственный сборник научных трудов/ Академия наук Украинской ССР (АН УССР), Институт химии высокомолекулярных соединений (ИХВС). Вып. 13.— , 1979-1991
Další autoři: Липатов Ю. С. Юрий Сергеевич (редактор)
Jazyk:ruština
Vydáno: 1982
Témata:
Médium: MixedMaterials Kniha
KOHA link:https://koha.lib.tpu.ru/cgi-bin/koha/opac-detail.pl?biblionumber=315495

MARC

LEADER 00000nam2a2200000 4500
001 315495
005 20231102002802.0
020 |a RU  |b 82-45344ж 
035 |a (RuTPU)RU\TPU\book\340931 
090 |a 315495 
100 |a 20160302c1982 km y0rusy5003 ca 
101 0 |a rus 
102 |a UA 
105 |a a z 001zy 
200 0 |a Вып. 13  |f под ред. Ю. С. Липатова 
210 |d 1982 
215 |a 77 с.  |c ил. 
320 |a Библиогр. в конце ст. 
461 1 |0 (RuTPU)RU\TPU\book\143378  |t Композиционные полимерные материалы  |o республиканский межведомственный сборник научных трудов  |f Академия наук Украинской ССР (АН УССР), Институт химии высокомолекулярных соединений (ИХВС)  |v Вып. 13  |d 1979-1991 
606 1 |a Композиционные материалы полимерные  |x Модифицирование радиационное  |2 stltpush  |3 (RuTPU)RU\TPU\subj\15052  |9 41350 
610 1 |a пластмассы армированные 
610 1 |a физико-химические свойства 
610 1 |a физико-механические свойства 
610 1 |a состав 
610 1 |a композиты 
610 1 |a релаксационные процессы 
610 1 |a структура 
610 1 |a полиуретаны 
610 1 |a олигомеры 
610 1 |a наполнители 
610 1 |a полиэтилен 
610 1 |a полиэтилен 
610 1 |a окисление 
610 1 |a эпоксидные смолы 
610 1 |a поверхностно-активные вещества 
610 1 |a стабилизация 
610 1 |a полистирол 
610 1 |a полистирол 
610 1 |a теплоперенос 
675 |a 678.5.067:53  |z rus  |v 3 
702 1 |a Липатов  |b Ю. С.  |g Юрий Сергеевич  |4 340 
801 0 |a RU  |b RuMRKP  |c 19950704  |g psbo 
801 1 |a RU  |b 63413507  |c 20160302 
801 2 |a RU  |b 63413507  |c 20191121  |g RCR 
942 |c BK